| 000 | 00720nam a2200229 u 4500 | ||
|---|---|---|---|
| 005 | 20241012064139.0 | ||
| 008 | 180927s2018 r 000 0 eng d | ||
| 020 | _a9786070309021 | ||
| 035 | _aUPN01000226900 | ||
| 049 | _aCG | ||
| 050 | 4 |
_aLB1029 G3 _bP4.8 |
|
| 100 | 1 |
_aPescetti, Luis María, _d1958- _930469 |
|
| 245 | 1 | 4 |
_aUna que sepamos todos : _btaller de juegos, música y lectura (para el aula, la casa, el campamento o el club) / _cLuis Pescetti. |
| 260 |
_aMéxico : _bSiglo XXI, _c2018. |
||
| 300 |
_a223 p. : _bil. |
||
| 440 | 0 | _aEducación que aprende | |
| 650 | 4 |
_aJuegos educativos _93952 |
|
| 650 | 2 |
_aMúsica en la educación _93051 |
|
| 905 | _aLibro | ||
| 999 |
_c198996 _d198996 |
||